The amateur marriage / (Record no. 200426072)
[ view plain ]
| 000 -LEADER | |
|---|---|
| fixed length control field | 00853cam a2200301M 4500 |
| 001 - CONTROL NUMBER | |
| control field | 59288694 |
| 003 - CONTROL NUMBER IDENTIFIER | |
| control field | TR-AnTOB |
| 005 - DATE AND TIME OF LATEST TRANSACTION | |
| control field | 20190322123541.0 |
| 008 - FIXED-LENGTH DATA ELEMENTS--GENERAL INFORMATION | |
| fixed length control field | 050422s2004 enk 000 f eng d |
| 020 ## - INTERNATIONAL STANDARD BOOK NUMBER | |
| International Standard Book Number | 0701177349 |
| 035 ## - SYSTEM CONTROL NUMBER | |
| System control number | (OCoLC)59288694 |
| 040 ## - CATALOGING SOURCE | |
| Transcribing agency | TR-AnTOB |
| Language of cataloging | eng |
| Description conventions | rda |
| Original cataloging agency | TR-AnTOB |
| 041 ## - LANGUAGE CODE | |
| Language code of text/sound track or separate title | İngilizce |
| 050 ## - LIBRARY OF CONGRESS CALL NUMBER | |
| Classification number | PS3570.Y45 |
| Item number | A59 2004 |
| 090 ## - LOCALLY ASSIGNED LC-TYPE CALL NUMBER (OCLC); LOCAL CALL NUMBER (RLIN) | |
| Classification number (OCLC) (R) ; Classification number, CALL (RLIN) (NR) | PS3570.Y45 |
| Local cutter number (OCLC) ; Book number/undivided call number, CALL (RLIN) | A59 2004 |
| 100 1# - MAIN ENTRY--PERSONAL NAME | |
| Personal name | Tyler, Anne. |
| 245 14 - TITLE STATEMENT | |
| Title | The amateur marriage / |
| Statement of responsibility, etc. | Anne Tyler. |
| 264 ## - PRODUCTION, PUBLICATION, DISTRIBUTION, MANUFACTURE, AND COPYRIGHT NOTICE | |
| Place of production, publication, distribution, manufacture | London : |
| Name of producer, publisher, distributor, manufacturer | Vintage, |
| Date of production, publication, distribution, manufacture, or copyright notice | 2004. |
| 300 ## - PHYSICAL DESCRIPTION | |
| Extent | 320 pages ; |
| Dimensions | 24 cm. |
| 650 #0 - SUBJECT ADDED ENTRY--TOPICAL TERM | |
| Topical term or geographic name entry element | Grandparent and child |
| Form subdivision | Fiction. |
| Topical term or geographic name entry element | Runaway teenagers |
| Form subdivision | Fiction. |
| Topical term or geographic name entry element | Marital conflict |
| Form subdivision | Fiction. |
| Topical term or geographic name entry element | Married people |
| Form subdivision | Fiction. |
| Topical term or geographic name entry element | Mate selection |
| Form subdivision | Fiction. |
| 651 #0 - SUBJECT ADDED ENTRY--GEOGRAPHIC NAME | |
| Geographic name | Baltimore (Md.) |
| Form subdivision | Fiction. |
| 942 ## - ADDED ENTRY ELEMENTS (KOHA) | |
| Source of classification or shelving scheme | Library of Congress Classification |
| Koha item type | Book |
| Withdrawn status | Lost status | Source of classification or shelving scheme | Not for loan | Collection code | Home library | Current library | Shelving location | Date acquired | Source of acquisition | Cost, normal purchase price | Inventory number | Total Checkouts | Full call number | Barcode | Date last seen | Date shelved | Koha item type |
|---|---|---|---|---|---|---|---|---|---|---|---|---|---|---|---|---|---|
| Library of Congress Classification | Ödünç Verilebilir / Available | Genel Koleksiyon | Merkez Kütüphane | Merkez Kütüphane | Genel Koleksiyon / Main Collection | 27/08/2015 | Bağış / Donation | 0.01 | İDE | PS3570.Y45 A59 2004 | 0052855 | 09/03/2017 | 09/03/2017 | Book |
